000 01412nam0a2200325 4500
001 RU\NLR\BIBL_A\011989010
005 20190426153240.0
010 _a978-5-17-115281-9
_92000
021 _aRU
_bКН-П-19-021850
_9КН-П-19-1647
035 _a(NLR Aleph) 011989010
035 _a(RuMoRGB)009930014
090 _a11348004
_c11348004
100 _a20190412d2019 u y0rusy50 ca
101 0 _arus
_afre
102 _aRU
105 _aa|||j|||000zy
200 1 _aБыстрый французский
_iВся грамматика в схемах и таблицах
_e[пособие
_eдля тех, кто стремится к совершенству]
_fС. Матвеев
210 _aМосква
_cLingua
_cАСТ
_d2019
215 _a189, [2] с.
_cил., табл.
_d20
225 1 _aБыстрый французский
300 _aНа обл.: Наглядно и эффективно
333 _a12+
606 1 _aФранцузский язык
_jУчебные издания для самообразования
_91524672
_3RU\NLR\AUTH\66964829
686 1 _aШ147.11-93рус8
700 1 _7ca
_8rus
_aМатвеев
_bС. А.
_cлингвист, философ
_gСергей Александрович
_915334
_3RU\NLR\AUTH\7732325
942 _cBOOK
980 _aNBR
980 _aNB